000 00725nam a2200241Ia 4500
003 OSt
005 20220918110858.0
006 a|||||r|||| 00| 0
007 ta
008 220915b |||||||| |||| 00| 0 hin d
024 _a202895
037 _cReference Collections
040 _aARTS
_cARTS
_bhin
041 _2hin
_ahin
082 _aO152,3N3512,5, N8.2(RR)
100 _aकामतानाथ
245 0 _aकाल कथा
246 _aKāl kathā
260 _aनई दिल्ली
_bवाणी प्रकाशन
_c1998
300 _a406पृ0
942 _hO152,3N3512,5, N8.2(RR)
_cREF
999 _c115470
_d115470